000 00814nam a22002295i 4500
001 156248
003 ES-MaACL
005 20250805062550.0
008 981211s1858 fr |||| | fre d
040 _aCCPB | B
_bspa
_cCCPB | B
100 1 _aJanet, Paul (
_d1823-1899)
_966018
245 1 0 _aHistoire de la philosophie morale et politique dans l'antiquité et les temps modernes /
_cpar Paul Janet.
260 _aParis :
_bLibrairie Philosophique de Ladrange,
_c1858.
300 _a2 v. ;
_c22 cm.
500 _aOuvrage couronné par l'Institut (Académie des Sciences Morales et Politiques)
597 _aAntep.
597 _aSignaturizado.
650 4 _aÉtica-
_xHistoria.
_912581
650 4 _aPolítica-
_xFilosofía
_916274
852 _aES-MaACL
_jG-12124-25
_z-- Enc. hol.
999 _c156248
_d156248